000
00259nam a2200121Ia 4500
100
_a
Schwartz/ M.M.
942
_c
RB
654
_a
manuals
245
_a
Metals joining manuals
260
_b
McGraw Hill
_a
New York
_c
1979
082
_a
671.5
546
_a
ENGLISH
999
_c
33024
_d
33024